000 03219nam0a2200469 4500
001 RU\NLR\BIBL_A\012338915
005 20260407115655.0
035 _a(NLR Aleph) 012338915
090 _a11510683
_c11510683
100 _a20200917d1903 |||y0rusy50 ca
101 0 _arus
102 _aRU
105 _ay z 000zy
181 0 _ai
_baxxe
182 0 _an
200 1 _aОб установлении на курорте Усть-Нарова сбора с приезжающих
_eпредставление по сему делу разослано Членам Государственного Совета в печатных экземплярах
_fГосударственный Совет в Соединенных Департаментах Государственной Экономии, Законов и Промышленности, Наук и Торговли, Министерство Внутренних Дел. 2 мая 1902 г. и 9 января 1903 года. № 68
203 _aТекст
_bвизуальный
_cнепосредственный
210 _a[С.-Петербург
_cб. и.]
_d1903
215 _a4 с.
_d33
300 _aВ конце текста: Подписали: Граф Сольский, С. Марков 2, Ф. Тернер [и др.]; Скрепил: За Статс-Секретаря А. Тимрот
300 _aНа с. 1: CCIII
309 _aБез тит. л. и обл.
601 0 1 _aРоссия
_bГосударственный совет
_jДокументы и материалы
_91310059
_3RU\NLR\AUTH\66543327
601 0 1 _aРоссия
_bСоединенные департаменты государственной экономии, законов и промышленности, наук и торговли
_jДокументы и материалы
_92463936
_3RU\NLR\AUTH\6601681244
606 1 _aДенежные сборы
_jДокументы и материалы
_yРоссия
_92386643
_3RU\NLR\AUTH\6601644249
686 3 _aУ26(28)141.24,011
686 3 _aХ809(2)64,011
686 3 _aУ03(2)53-212.11,011
686 3 _aХ2(2)5-523,011
702 1 _4720
_8rus
_7ca
_aСольский
_bД. М.
_cгос. деятель
_f1833-1910
_gДмитрий Мартынович
_3RU\NLR\AUTH\7783181
_966109
702 1 _aМарков 2
_bС.
_4720
702 1 _4720
_7ca
_8rus
_aТернер
_bФ. Г.
_cгос. деятель
_f1828-1906
_gФедор Густавович
_9156929
_3RU\NLR\AUTH\770156969
702 1 _4720
_7ca
_8rus
_aТимрот
_bА. Г.
_cгос. деятель
_f1865-1944
_gАлександр Григорьевич
_9256486
_3RU\NLR\AUTH\770256542
711 0 1 _aУсть-Нарова, курорт
_9731701
_3RU\NLR\AUTH\880534584
711 0 1 _aРоссия
_bГосударственный совет
_3RU\NLR\AUTH\889948587
_9392796
712 0 1 _4570
_aРоссия
_bСоединенные департаменты государственной экономии, законов и промышленности, наук и торговли
_9726611
_3RU\NLR\AUTH\880532162
852 _aNLR
_j135/294-360 (13)
942 _cBOOK
980 _aNB